000 00397nam a2200157Ia 4500
005 20250603145017.0
008 250603s9999 xx 000 0 und d
020 _a9789780885090
050 _aKP 66 .D3/
100 _aDanladi, K. M.
245 0 _aFundamentals of legal research and some general principles of law
250 _a2nd edition
260 _c2016
300 _a173 p
942 _cBK
999 _c40602
_d40602